00460nam a22001452 4500001001100000005001700011008004100028020002700069040001500096100003100111245009100142260003400233300001200267650003500279000000938020151021151122.0081008s xx 000 0 eng d a1594520089 :cKES 1000 aKABUcKABU1 aAdei, Stephen.@000015812710aTwelve keys to financial success :ba guide to financial independence /cStephen Adei. aAccra, Ghana :bOasis,c2001. a181 p. 0aFinance, Personal.@0000152441